Najbardziej utytułowani Mistrzowie Polski w speedcubingu - Statystyki

Ogólne statystyki
  • Ten quiz został rozwiązany 113 razy
  • Średni wynik to 12 z 23
Statystyki odpowiedzi
Liczba złotych medali
na Mistrzostwach Polski
Speedcuber % Poprawnych
11 Tymon Kolasiński
99%
34 Michał Halczuk
91%
6 Michał Rzewuski
81%
4 Jan Zych
77%
10 Adrian Dębski
76%
15 Michał Pleskowicz
76%
8 Wojciech Knott
75%
3 Michał Krasowski
73%
8 Przemysław Kaleta
71%
5 Maciej Czapiewski
70%
7 Marcin Kowalczyk
60%
7 Jakub Kipa
54%
3 Kamil Przybylski
51%
3 Grzegorz Łuczyna
42%
3 Grzegorz Jałocha
41%
6 Marcin Zalewski
41%
5 Witali Bułatow
32%
5 Marcin Jakubowski
29%
6 Piotr Michał Padlewski
26%
4 Owidiusz Pryk
16%
4 Jakub Wolniewicz
10%
3 Maciej Mancewicz
5%
4 Piotr Frankowski
3%
Nie znaleziono quizów pasujących do podanych kryteriów
Rozkład punktacji
Procent ludzi z każdym wynikiem
Percentyl według liczby udzielonych odpowiedzi
Twoja historia wyników
Nie rozwiązałeś tego quizu